| 000 | 00808nam a2200253 a 4500 | ||
|---|---|---|---|
| 001 | BRCA_9154 | ||
| 005 | 20190320210535.0 | ||
| 008 | 140918s2017----mx-a######---#000-0#spa-# | ||
| 020 | _a9786079489250 | ||
| 020 | _a9786077456698 | ||
| 041 | _aspa | ||
| 044 | _amx | ||
| 050 | 4 |
_aNK2715 _b.M35 2017 |
|
| 100 | 1 |
_aMallet, Ana Elena _922578 |
|
| 245 | 1 | 0 |
_aSilla mexicana _ctextos Ana Elena Mallet, Jorge F. Rivas Pérez ; fotografía Jorge Vértiz … [et al.]. |
| 260 |
_aMéxico _bArquine : Secretaría de Cultura _c2017 |
||
| 300 |
_a262 p. _bil. (algunas a color) _c25 cm. |
||
| 546 | _aTexto en : español e inglés | ||
| 650 | 1 | 4 |
_aSillas _vCatálogos _zMéxico _922579 |
| 700 | 1 |
_aRivas Pérez, Jorge F. _922580 |
|
| 700 | 1 |
_aVértiz, Jorge _eil. _96841 |
|
| 740 | 0 | _aMexican chair | |
| 942 |
_2lcc _cB |
||
| 999 |
_c8801 _d8801 |
||